1747 1531 1263 1701 1882 1505 1465 1216 1453 1229 1220 1480 1790 1906 1492 1087 1227 1237 1154 1644 1171 1898 1901 1037 1711 1789 1958 1497 1757 1771 1247 1488 1475 1967 1663 1665 1759 1470 1676 1011 1775 1316 1069 1479 1216 1075 1107 1939 1288 1212 1515 1785 1438 1933 1764 1501 1745 1270 1630 1640 2000 1309 1279 1689 1153 1518 1778 1943 1558 1330 1820 1860 1648 1378 1880 1124 1734 1986 1683 1580 1575 1505 1400 1569 1323 1280 1730 1707 1269 1656 1102 1028 1214 1850 1689 1733 1527 1617 1686 BCNSPRNW ULIB Ver.6.0+V

เปลี่ยนเป็นภาษาไทย

Change to English
 แสดงรายละเอียดบรรณานุกรม
  กลับหน้าหลัก

Brief Record : Get Marc (ISO 2709) : E-mail record : QR code < ปิดหน้าต่าง
LEADER : 00000nam 2200000uu 4500
001    13399113448
003     ULIB
008    110616s2551||||th 000 0 tha d
020    9740665427
090    นว.^bK111ค 2551
100 1  Kang Joo Hyun
245 10 เคล็ดลับพัฒนาตนเองจากเกาหลี : ไม่ยากถ้าอยากฉลาดพูด /^cKang Joo Hyun
250    พิมพ์ครั้งที่ 1
260    กรุงเทพฯ :^bนานมีบุ๊คส์,^c2551
300    98 หน้า
710 2  นานมีบุ๊คส์
945    ^p155^l0^i024658
995    ทศพร
999 ^a ใช้งานได้ทุกระบบ
รายการนี้ยังไม่มีแท็ก
คุณยังไม่ได้ล็อกอิน คุณสามารถมีกิจกรรมร่วมกับเว็บไซต์ได้ แต่ต้องล็อกอินก่อน ::
  ล็อกอิน

รายการสื่อสารสนเทศ

ลำดับที่ ประเภท เลขเรียก/บาร์โค้ด สถานที่ สถานะ
1. นวนิยาย
นวนิยาย
นว. K111ค 2551 ฉ.1 
  Barcode: 024658
ห้องสมุดวิทยาเขตสวรรค์ประชารักษ์
►นวนิยาย
บนชั้น
  ขอยืม

BibComment


ยังไม่เคยถูกคอมเมนท์

คอมเมนท์ทรัพยากรรายการนี้
  คอมเมนท์: เคล็ดลับพัฒนาตนเอ..


 Copyright 2026. Bcnsprnw @Library